Welcome to CU Library Online Public Access Catalogue (OPAC)

Stocks for the long run : (Record no. 2846)

MARC details
000 -LEADER
fixed length control field 01126cam a2200289 a 4500
001 - CONTROL NUMBER
control field 15045218
005 - DATE AND TIME OF LATEST TRANSACTION
control field 20250122190712.0
008 - FIXED-LENGTH DATA ELEMENTS--GENERAL INFORMATION
fixed length control field 071015s2008 nyua b 001 0 eng
020 ## - INTERNATIONAL STANDARD BOOK NUMBER
International Standard Book Number 9780071494700 (acidfree paper)
020 ## - INTERNATIONAL STANDARD BOOK NUMBER
International Standard Book Number 0071494707 (acidfree paper)
050 00 - LIBRARY OF CONGRESS CALL NUMBER
Classification number HG4661
Item number .S53 2008
082 00 - DEWEY DECIMAL CLASSIFICATION NUMBER
Classification number 332.63/22
Edition information 22
100 1# - MAIN ENTRY--PERSONAL NAME
Personal name Siegel, Jeremy J.
245 10 - TITLE STATEMENT
Title Stocks for the long run :
Remainder of title the definitive guide to financial market returns and long-term investment strategies /
Statement of responsibility, etc. Jeremy J. Siegel.
250 ## - EDITION STATEMENT
Edition statement 4th ed.
260 ## - PUBLICATION, DISTRIBUTION, ETC.
Place of publication, distribution, etc. New York :
Name of publisher, distributor, etc. McGraw-Hill,
Date of publication, distribution, etc. c2008.
300 ## - PHYSICAL DESCRIPTION
Extent xxii, 380 p. :
Other physical details ill. ;
Dimensions 25 cm.
500 ## - GENERAL NOTE
General note Includes Index
650 #0 - SUBJECT ADDED ENTRY--TOPICAL TERM
Topical term or geographic name entry element Stocks.
650 #0 - SUBJECT ADDED ENTRY--TOPICAL TERM
Topical term or geographic name entry element Stocks
General subdivision History.
650 #0 - SUBJECT ADDED ENTRY--TOPICAL TERM
Topical term or geographic name entry element Rate of return.
650 #0 - SUBJECT ADDED ENTRY--TOPICAL TERM
Topical term or geographic name entry element Stocks
General subdivision Rate of return.
856 41 - ELECTRONIC LOCATION AND ACCESS
Materials specified Table of contents only
Uniform Resource Identifier <a href="http://www.loc.gov/catdir/toc/ecip082/2007042478.html">http://www.loc.gov/catdir/toc/ecip082/2007042478.html</a>
856 42 - ELECTRONIC LOCATION AND ACCESS
Materials specified Contributor biographical information
Uniform Resource Identifier <a href="http://www.loc.gov/catdir/enhancements/fy0806/2007042478-b.html">http://www.loc.gov/catdir/enhancements/fy0806/2007042478-b.html</a>
856 42 - ELECTRONIC LOCATION AND ACCESS
Materials specified Publisher description
Uniform Resource Identifier <a href="http://www.loc.gov/catdir/enhancements/fy0806/2007042478-d.html">http://www.loc.gov/catdir/enhancements/fy0806/2007042478-d.html</a>
942 ## - ADDED ENTRY ELEMENTS (KOHA)
Source of classification or shelving scheme Library of Congress Classification
Koha item type Books
Edition 4th Ed.
Suppress in OPAC No
999 ## -
-- 2846
-- 2846
Holdings
Withdrawn status Lost status Source of classification or shelving scheme Damaged status Not for loan Collection Home library Current library Shelving location Date acquired Total checkouts Full call number Barcode Date last seen Copy number Price effective from Koha item type
    Library of Congress Classification     Non-fiction Business Library (Miotso) Business Library (Miotso) General stacks 01/22/2025   HG4661 .S53 2008 BSSM00000581 01/22/2025 1 01/22/2025 Books
© 2023-2024 Copyright: Central University Libraries. All Rights Reserved | Created by: Mahone Tech Office